Countries That Ban Pit Bulls - Statistics

General Stats
  • This quiz has been taken 27 times
  • The average score is 10 of 13
Answer Stats
Picture Answer % Correct
United Kingdom
96%
Australia
91%
Brazil
91%
Denmark
87%
Israel
87%
Norway
87%
Iceland
74%
Cyprus
70%
Malaysia
70%
Venezuela
70%
Fiji
65%
Ecuador
57%
Trinidad
52%
No matching quizzes found
Score Distribution
Percent of People with Each Score
Percentile by Number Answered
Your Score History
You have not taken this quiz